Սովետական Հայաստանի 40 տարին : (Record no. 188554)
[ view plain ]
| 000 -LEADER | |
|---|---|
| fixed length control field | 01512nam a2200265 u 4500 |
| 001 - CONTROL NUMBER | |
| control field | 000507938 |
| 003 - CONTROL NUMBER IDENTIFIER | |
| control field | AM-YeHGA |
| 005 - DATE AND TIME OF LATEST TRANSACTION | |
| control field | 20250618072709.0 |
| 008 - FIXED-LENGTH DATA ELEMENTS--GENERAL INFORMATION | |
| fixed length control field | 061109s1960 ai | |||||||||||||arm|d |
| 040 ## - CATALOGING SOURCE | |
| Original cataloging agency | AM-YeHGA |
| 041 1# - LANGUAGE CODE | |
| Language code of text/sound track or separate title | arm |
| Language code of summary or abstract | rus |
| 090 ## - LOCALLY ASSIGNED LC-TYPE CALL NUMBER (OCLC); LOCAL CALL NUMBER (RLIN) | |
| -- | 190022 |
| 245 00 - TITLE STATEMENT | |
| Title | Սովետական Հայաստանի 40 տարին : |
| Remainder of title | [Լուսանկարների ալբոմ] / |
| Statement of responsibility, etc. | Կազմ.՝ Ս.Մ. Մանասյան, Մ.Կ. Մարտիկյան; Խմբ.՝ Հ.Պ. Աղասարյան, Գ.Գ. Բալասանյան; Նկ.՝ Ան.Վ. Գասպարյան, Ս.Շ. Ստեփանյան; Լուսանկ.՝ Վ. Ամալյան և ուրիշն. |
| 246 11 - VARYING FORM OF TITLE | |
| Title proper/short title | 40 лет Советской Армении |
| 260 ## - PUBLICATION, DISTRIBUTION, ETC. | |
| Place of publication, distribution, etc. | Երևան : |
| Name of publisher, distributor, etc. | Հայպետհրատ, |
| Date of publication, distribution, etc. | 1960. |
| 300 ## - PHYSICAL DESCRIPTION | |
| Extent | 350 էջ : |
| Other physical details | լուսանկ. ; |
| Dimensions | 33 սմ. |
| 546 ## - LANGUAGE NOTE | |
| Language note | Տեքստը զուգ.՝ հայ. և ռուս. |
| 650 14 - SUBJECT ADDED ENTRY--TOPICAL TERM | |
| Topical term or geographic name entry element | Քաղաքական, տնտեսական և մշակութային կյանքը առանձին տարածքներում և երկրներում |
| Geographic subdivision | Սովետական Հայաստան |
| 700 1# - ADDED ENTRY--PERSONAL NAME | |
| Personal name | Մանասյան, Ս.Մ |
| Relator term | կազմ. |
| Relationship | com |
| 700 1# - ADDED ENTRY--PERSONAL NAME | |
| Personal name | Մարտիկյան, Մ.Կ |
| Relator term | կազմ. |
| Relationship | com |
| 700 1# - ADDED ENTRY--PERSONAL NAME | |
| Personal name | Աղասարյան, Հ.Պ. |
| Relator term | խմբ. |
| Relationship | edt |
| 700 1# - ADDED ENTRY--PERSONAL NAME | |
| Personal name | Բալասանյան, Գրիգոր Գրիգորի, |
| Dates associated with a name | 1919-2003 |
| Relator term | խմբ. |
| Relationship | edt |
| 9 (RLIN) | 1913 |
| 700 1# - ADDED ENTRY--PERSONAL NAME | |
| Personal name | Գասպարյան, Անուշավան Վարդանի, |
| Dates associated with a name | 1914-1986 |
| Relator term | նկ. |
| Relationship | art |
| 9 (RLIN) | 3012 |
| 700 1# - ADDED ENTRY--PERSONAL NAME | |
| Personal name | Ստեփանյան, Սուրեն Շավարշի, |
| Dates associated with a name | 1915-1977 |
| Relator term | նկ. |
| Relationship | art |
| 9 (RLIN) | 1781 |
| Withdrawn status | Lost status | Damaged status | Not for loan | Collection | Home library | Current library | Date acquired | Cost, normal purchase price | Total checkouts | Full call number | Barcode | Date last seen | Price effective from | Koha item type | Public note |
|---|---|---|---|---|---|---|---|---|---|---|---|---|---|---|---|
| General | Fundamental Scientific Library | Fundamental Scientific Library | 28/12/2016 | 4.00 | AIII/259 | FL0047299 | 28/12/2016 | 28/12/2016 | Գրքեր / Books | 30 Days Loan | |||||
| General | Fundamental Scientific Library | Fundamental Scientific Library | 28/12/2016 | 4.00 | AIII/260 | FL0047300 | 28/12/2016 | 28/12/2016 | Գրքեր / Books | 30 Days Loan | |||||
| General | Fundamental Scientific Library | Fundamental Scientific Library | 28/12/2016 | AIII/566 | FL0050096 | 28/12/2016 | 28/12/2016 | Գրքեր / Books | 30 Days Loan |
ՀՀ Գիտությունների ազգային ակադեմիայի հիմնարար գիտական գրադարան = Fundamental Scientific Library of NAS RA
All site content, except where otherwise noted, is licensed under a